| 000 | 00506nam a22001817a 4500 | ||
|---|---|---|---|
| 005 | 20251204165641.0 | ||
| 008 | 251203b |||||||| |||| 00| 0 eng d | ||
| 020 | _a978-1-265-12303-1 | ||
| 041 | _aeng | ||
| 082 | _a579 - WIL-P | ||
| 100 |
_aWILLEY, JOANNG M. & SANDMAN, KATHLEEN M AND WOOD, DOROTHY H. _98838 |
||
| 245 | _aPRESCOTT'S MICROBIOLOGY [ 12 ED.] | ||
| 250 | _a12TH ED. | ||
| 260 |
_aNEW YORK _bMcGRAW HILL _c2023 |
||
| 300 | _a1-40;P | ||
| 650 |
_aPARAMEDICAL _xBMIRT _98845 |
||
| 942 | _cBK | ||
| 999 |
_c9019 _d9017 |
||